00595nam a2200181Ia 4500001000900000003000500009005001700014008004100031010001100072040000900083100003500092245017800127260005000305300001000355500000700365650001700372650002400389dia_3952CHAP20240403115625.0220117s2000 xx 000 0 und d a174560 cCHAP1 aGarcía Chávez, Luis Ramiro aLa Agroindustrial Azucarera de México: reformas estructurales y sus implicaciones para el mercado de los edulcorantes /c Luis Ramiro García Chávez y Thomas H. Spreen aChapingo, México :b UACh, CIESTAAM,c2000 a44 p. aD. aEdulcorantes 3aIndustria azucarera